000 01094nam a2200289 4500
001 0000019305
003 CO-CtgCURN
005 20250331184730.0
007 ta
008 160627s1998 000 0 eng d
020 _a9586008215
040 _aCO-CtgCURN
_bspa
_ccoctgcurn
082 0 _a510.7
_bB17m
100 1 _aBarco Gómez, Carlos.
245 1 0 _aMatemática digital /
_cCarlos Barco Gómez , German Barco Gómez, William Aristizabal Botero.
260 _aBogotá :
_bMcGraw Hill-Interamericana,
_c1998.
300 _a189 p.
336 _2rdacontent
337 _2rdamedia
_asin mediacion
_bn
338 _2rdacarrier
_avolumen
_bnc
505 8 _aAritmetica binaria y códigos de computador.--Logica.--Conjunto.--algebra booleana.--Circuitos logicos.--Sistema de numeracion.--Sistema de numeracion decimal.--Propiedades de las operacionesentre conjuntos
650 1 4 _aMatemáticas
_vEnseñanza
_zColombia.
700 1 _aBarco Gómez, German.
908 _a160627
942 _cBK
_h510.7
_iB17m
_2ddc
999 _c20712
_d20712